000 00545nam a2200169Ia 4500
003 GCL
008 140319s9999 xx 000 0 ara d
040 _aGCL /
_cGCL
082 0 4 _a239.9
_bع ا
100 1 _aعبدالمقصود محمد نصار
245 1 0 _aاولئك هم الراشدون ابوبكر - عمر - عثمان - على /
_cعبدالمقصود محمد نصار
300 _a253 ص
490 _a100 قصة
_v0
650 0 4 _aالتاريخ الاسلامى
650 0 4 _aالخلفاء الراشدون
942 _2ddc
_cBK
999 _c44254
_d44254